00657nam a22001817a 450000500170000001000150001702000260003203500140005803700140007208200120008624501360009826000450023427000670027930000310034650000580037770000210043570000190045620190320114550.0 aENG-124902 a9780199474622c895.00 aEN-108434 bDBAD/PUB. a338.954 aSustainable development and india:ced. by Bimal N. Patel [and] Ranita Nagarbconvergence of law, economics, science, and politics/ aNew DelhibOxford University Pressc2018 a2/11 Ground Floor, Ansari Road, Daryaganj, bNew Delhie110002v axxv,333p.c22cm.(Hb)bill. aIt includes bibliography, index and about the author. a Patel, Bimal N. a Nagar, Ranita